Le Parlement et la Fronde (Record no. 28719)

MARC details
000 -LEADER
campo de control de longitud fija 00787nam a2200205 i 4500
001 - NÚMERO DE CONTROL
campo de control 28719
003 - IDENTIFICADOR DE NÚMERO DE CONTROL
campo de control ES-MaACL
005 - FECHA Y HORA DE LA ÚLTIMA TRANSACCIÓN
campo de control 20230906153921.0
007 - CAMPO FIJO DE DESCRIPCIÓN FÍSICA--INFORMACIÓN GENERAL
campo de control de longitud fija t|
008 - DATOS DE LONGITUD FIJA--INFORMACIÓN GENERAL
campo de control de longitud fija 030120s1862 fr ||||1| fre d
100 1# - ENTRADA PRINCIPAL--NOMBRE DE PERSONA
Nombre de persona Barante, Prosper Brugière
Títulos y otros términos asociados al nombre baron de (
Fechas asociadas al nombre 1782-1866)
9 (RLIN) 25324
245 13 - MENCIÓN DEL TÍTULO
Título Le Parlement et la Fronde
Resto del título : la vie de Mathieu Molé : notices sur Édouard Molé, procureur général pendant la Ligue et M. le comte Molé /
Mención de responsabilidad, etc. par le baron de Barante.
250 ## - MENCION DE EDICION
Mención de edición 10eme ed.
260 ## - PUBLICACIÓN, DISTRIBUCIÓN, ETC.
Lugar de publicación, distribución, etc. París :
Nombre del editor, distribuidor, etc. Didier et Cie,
Fecha de publicación, distribución, etc. 1862.
300 ## - DESCRIPCIÓN FÍSICA
Extensión XIX, 464 p. ;
Dimensiones 23 cm.
600 14 - PUNTO DE ACCESO ADICIONAL DE MATERIA--NOMBRE DE PERSONA
Nombre de persona Molé, Mathieu (
Fechas asociadas al nombre 1584-1656)
9 (RLIN) 152882
651 #4 - PUNTO DE ACCESO ADICIONAL DE MATERIA--NOMBRE GEOGRÁFICO
Nombre geográfico Francia-
Subdivisión general Historia-
Subdivisión cronológica 1610-1643, Luis XIII.
9 (RLIN) 161635
651 #4 - PUNTO DE ACCESO ADICIONAL DE MATERIA--NOMBRE GEOGRÁFICO
Nombre geográfico Francia-
Subdivisión general Historia-
Subdivisión cronológica 1643-1661, Regencia.
9 (RLIN) 152883
852 ## - LOCALIZACIÓN
Ubicación ES-MaACL
Número de control de estantería G-2683
Holdings
Estatus retirado Estado de pérdida Estado de daño No para préstamo Colección Biblioteca de origen Biblioteca actual Ubicación en estantería Fecha de adquisición Fuente de adquisición Total de préstamos Signatura topográfica completa Código de barras Visto por última vez Precio de reemplazo Tipo de ítem Koha
        Libros del s. XIX Biblioteca del Ateneo de Madrid Biblioteca del Ateneo de Madrid Depósito 2 17/01/2008     G-2683 1029651 23/02/2023 23/02/2023 Libro impreso antiguo